[Event "Hamb. Einzelmeisterschaft 2024 A-Klasse"]
[Site "Hamburg"]
[Date "2024.05.24"]
[Round "5.1"]
[White "Wolff, Ole"]
[Black "Kellner, Anton"]
[Result "0-1"]
[WhiteElo "1566"]
[BlackElo "1680"]
[PlyCount "61"]
[EventDate "2024.??.??"]
[WhiteTeam "SchVgg Blankenese von 1923 e.V."]
[BlackTeam "Hamburger SK von 1830 eV"]

1. Nf3 d5 2. g3 Nf6 3. Bg2 g6 4. O-O Bg7 5. d4 O-O 6. c4 c6 7. cxd5 cxd5 8. Nc3 Nc6 9. Bf4 Ne4 10. Be3 Nxc3 11. bxc3 Na5 12. Bf4 b6 13. Nd2 Ba6 14. Re1 Rc8 15. Rc1 f5 16. Qa4 e6 17. Nb3 Rc4 18. Qa3 Qe8 19. Nxa5 Ra4 20. Qd6 Rxa5 21. Rc2 Rf7 22. Qb8 Qxb8 23. Bxb8 Bc4 24. Rd1 Rf8 25. Bf4 Rc8 26. f3 Bb3 27. Rb2 Rxc3 28. Bd2 Bxd4+ 29. Kf1 Rxf3+ 30. Bxf3 Bxb2 31. axb3 0-1

[Event "Hamb. Einzelmeisterschaft 2024 A-Klasse"]
[Site "Hamburg"]
[Date "2024.05.24"]
[Round "5.2"]
[White "Wokel, Justus"]
[Black "Parindra, Jason"]
[Result "1/2-1/2"]
[WhiteElo "1708"]
[BlackElo "1662"]
[PlyCount "79"]
[EventDate "2024.??.??"]
[WhiteTeam "Hamburger SK von 1830 eV"]
[BlackTeam "SC Diogenes e.V."]

1. d4 f5 2. c4 Nf6 3. Nf3 g6 4. g3 Bg7 5. Bg2 O-O 6. Nc3 d6 7. O-O Qe8 8. b3 c6 9. Ba3 Ne4 10. Qc2 Nxc3 11. Qxc3 c5 12. Bb2 Nc6 13. Qd2 e5 14. dxc5 dxc5 15. Qd5+ Be6 16. Qxc5 e4 17. Bxg7 exf3 18. Qxf8+ Qxf8 19. Bxf8 fxg2 20. Kxg2 Kxf8 21. Rfd1 Ke7 22. a3 a5 23. Rac1 Rd8 24. Rxd8 Kxd8 25. b4 Kc7 26. bxa5 Nxa5 27. c5 Nb3 28. Rc3 Kc6 29. f3 Nxc5 30. e4 fxe4 31. fxe4 Kd6 32. Kf3 b5 33. Ke3 Bc4 34. Kf4 Ke6 35. h4 h6 36. Rc2 Nd3+ 37. Ke3 Ne5 38. Kf4 Bb3 39. Rc8 Nc4 40. Rc6+ 1/2-1/2

[Event "Hamb. Einzelmeisterschaft 2024 A-Klasse"]
[Site "Hamburg"]
[Date "2024.05.24"]
[Round "5.3"]
[White "Lüthje, Max"]
[Black "Herrmann, Sabine"]
[Result "1-0"]
[WhiteElo "1755"]
[BlackElo "1737"]
[PlyCount "39"]
[EventDate "2024.??.??"]
[WhiteTeam "SC Diogenes e.V."]
[BlackTeam "SF Hamburg e.V. 1934"]

1. e4 e5 2. Nf3 Nc6 3. Bc4 Nd4 4. Nxd4 exd4 5. d3 Be7 6. Qf3 Bf6 7. O-O d6 8. Bf4 Bd7 9. e5 Bc6 10. Qg3 dxe5 11. Bxe5 Qe7 12. Bxc7 Qb4 13. Bd6 Qa5 14. b4 Qg5 15. Re1+ Ne7 16. Bxe7 Qxg3 17. Bxf6+ Kd7 18. hxg3 gxf6 19. Nd2 Rhf8 20. b5 1-0

[Event "Hamb. Einzelmeisterschaft 2024 A-Klasse"]
[Site "Hamburg"]
[Date "2024.05.24"]
[Round "5.4"]
[White "Henzler, Timofej"]
[Black "Tscherepanov, Leon"]
[Result "0-1"]
[WhiteElo "1722"]
[BlackElo "1813"]
[PlyCount "38"]
[EventDate "2024.??.??"]
[WhiteTeam "Hamburger SK von 1830 eV"]
[BlackTeam "Hamburger SK von 1830 eV"]

1. d4 d5 2. c4 c6 3. Nc3 e6 4. Nf3 dxc4 5. a4 Bb4 6. e4 b5 7. Bd2 a5 8. axb5 Bxc3 9. Bxc3 cxb5 10. b3 Bb7 11. Nd2 b4 12. Bb2 c3 13. Qc2 cxd2+ 14. Kxd2 Nf6 15. f3 O-O 16. Bd3 Ba6 17. e5 Bxd3 18. Qxd3 Nd5 19. Ke2 Nf4+ 0-1

[Event "Hamb. Einzelmeisterschaft 2024 A-Klasse"]
[Site "Hamburg"]
[Date "2024.05.24"]
[Round "5.6"]
[White "Mi, Gufeng"]
[Black "Babychev, Mykhailo"]
[Result "1/2-1/2"]
[WhiteElo "1721"]
[BlackElo "1626"]
[PlyCount "78"]
[EventDate "2024.??.??"]
[WhiteTeam "Niendorfer TSV 1919 SAbt"]
[BlackTeam "Hamburger SK von 1830 eV"]

1. g4 d5 2. e4 Nf6 3. h3 Nxe4 4. d3 Nf6 5. g5 Nfd7 6. Bg2 Nb6 7. Nc3 e5 8. Nge2 c6 9. O-O Be6 10. Re1 Bd6 11. f4 Qd7 12. fxe5 Bxe5 13. Bf4 Qc7 14. Qd2 N8d7 15. Bxe5 Nxe5 16. Qf4 O-O-O 17. Nd4 Nbd7 18. Nxe6 fxe6 19. b4 Rdf8 20. Qe3 Nf3+ 21. Bxf3 d4 22. Qxe6 Rxf3 23. Ne4 Qf4 24. Qg4 Qxg4+ 25. hxg4 Rhf8 26. Nd6+ Kc7 27. Ne8+ Kb6 28. Nxg7 Rg3+ 29. Kh2 Rxg4 30. Re7 Nb8 31. Kh3 Rxg5 32. Ne6 Rf3+ 33. Kh4 Re5 34. Nxd4 Rh3+ 35. Kxh3 Rxe7 36. a4 Rd7 37. Ne6 Na6 38. Rb1 Re7 39. Nf4 Rf7 1/2-1/2

[Event "Hamb. Einzelmeisterschaft 2024 A-Klasse"]
[Site "Hamburg"]
[Date "2024.05.24"]
[Round "5.7"]
[White "Iachanou, Daniel"]
[Black "Frackowiak, Stanislaw"]
[Result "1-0"]
[WhiteElo "1687"]
[BlackElo "1720"]
[PlyCount "59"]
[EventDate "2024.??.??"]
[WhiteTeam "SF Sasel 1947"]
[BlackTeam "Hamburger SK von 1830 eV"]

1. e4 c5 2. Nf3 Nc6 3. Bb5 e6 4. Bxc6 bxc6 5. b3 d5 6. d3 Be7 7. Bb2 d4 8. Nbd2 Nf6 9. Nc4 Ba6 10. Nfd2 Qc7 11. Qe2 O-O 12. O-O e5 13. Qf3 Rad8 14. Qf5 Nd7 15. Rae1 Bc8 16. Qf3 Rfe8 17. Qg3 Bd6 18. Nxd6 Qxd6 19. Nc4 Qh6 20. f4 exf4 21. Rxf4 Re6 22. Ref1 Rg6 23. Qf2 f6 24. e5 Re8 25. Nd6 Rxe5 26. Nxc8 Re3 27. Re4 Rxe4 28. dxe4 Kf7 29. Nd6+ Kg8 30. Nf5 1-0

[Event "Hamb. Einzelmeisterschaft 2024 A-Klasse"]
[Site "Hamburg"]
[Date "2024.05.24"]
[Round "5.12"]
[White "Queißer, Jens"]
[Black "Kock, Rudolf"]
[Result "1-0"]
[WhiteElo "1632"]
[BlackElo "1657"]
[PlyCount "27"]
[EventDate "2024.??.??"]
[WhiteTeam "Hamburger SK von 1830 eV"]
[BlackTeam "SF Hamburg e.V. 1934"]

1. d4 e6 2. Nf3 d5 3. g3 h6 4. Bg2 a6 5. O-O Nc6 6. Nbd2 f5 7. c4 Nge7 8. cxd5 Nxd5 9. e4 Nf6 10. exf5 Nxd4 11. Qa4+ Nc6 12. fxe6 b5 13. Qc2 Ne7 14. Ne5 Bxe6 15. Bxa8 Qxa8 16. f3 Ned5 17. Ne4 Qa7+ 18. Qc5 Qxc5+ 19. Nxc5 Bh3 20. Re1 Nb4 21. Re2 Kd8 22. Nf7+ 1-0

[Event "Hamb. Einzelmeisterschaft 2024 A-Klasse"]
[Site "Hamburg"]
[Date "2024.05.24"]
[Round "5.5"]
[White "Kriz, Leonard"]
[Black "Morou, Halid"]
[Result "1-0"]
[WhiteElo "1768"]
[BlackElo "1752"]
[PlyCount "103"]
[EventDate "2024.??.??"]
[WhiteTeam "Bramfelder SK 1947 e.V."]
[BlackTeam "Königsspr. SC.1984 e.V."]

1. Nf3 d5 2. b3 c5 3. e3 Nf6 4. Bb2 g6 5. c4 e6 6. cxd5 exd5 7. d4 Bg7 8. dxc5
Qa5+ 9. Qd2 Qxc5 10. Nc3 O-O 11. Rc1 Qa5 12. Bd3 Nc6 13. O-O Be6 14. Na4 Qxd2
15. Nxd2 Nb4 16. Bb1 Rac8 17. a3 Nc6 18. Bd3 Nd7 19. Bxg7 Kxg7 20. Bb5 Nce5 21.
b4 a6 22. Bxd7 Bxd7 23. Nc5 Bb5 24. Rfd1 b6 25. a4 bxc5 26. axb5 Nd3 27. Ra1
axb5 28. bxc5 Nxc5 29. Rab1 Na4 30. Rb4 Nc3 31. Re1 Ra8 32. Nb1 Ra1 33. Kf1
Rxb1 34. Rexb1 Nxb1 35. Rxb1 Rb8 36. Rd1 b4 37. Rxd5 b3 38. Rd1 b2 39. Rb1 Kf6
40. Ke2 Ke5 41. Ke1 Kd5 42. Kd1 Kc4 43. Kc2 Rb3 44. e4 Rc3+ 45. Kxb2 Rb3+ 46.
Kc2 Rxb1 47. Kxb1 Kd3 48. e5 Ke2 49. f4 Kf2 50. g4 Kf3 51. f5 Kxg4 52. e6 1-0

[Event "Hamb. Einzelmeisterschaft 2024 A-Klasse"]
[Site "Hamburg"]
[Date "2024.05.24"]
[Round "5.10"]
[White "Ngo, Nam Hai"]
[Black "Böhler, Yannic"]
[Result "0-1"]
[WhiteElo "1532"]
[BlackElo "1701"]
[PlyCount "60"]
[EventDate "2024.??.??"]
[WhiteTeam "Hamburger SK von 1830 eV"]
[BlackTeam "SC Schachelschweine e.V."]

1. e4 c5 2. d4 cxd4 3. c3 dxc3 4. Nxc3 Nc6 5. Nf3 d6 6. Bc4 a6 7. O-O Nf6 8.
Bg5 e6 9. Qe2 Be7 10. Rfd1 Qc7 11. Bf4 Ne5 12. Bxe5 dxe5 13. Rac1 Qb8 14. Bd3
O-O 15. Rd2 b5 16. Nd1 Bb7 17. Rdc2 Rd8 18. Nd2 Qd6 19. Rc3 b4 20. Rb3 Rac8 21.
Rxc8 Rxc8 22. f3 Nd7 23. Bc4 Nc5 24. Rxb4 Rd8 25. Nb3 Qxd1+ 26. Qxd1 Rxd1+ 27.
Kf2 Nd3+ 28. Bxd3 Bxb4 29. a3 Rxd3 30. axb4 Rxb3 0-1

[Event "Hamb. Einzelmeisterschaft 2024 A-Klasse"]
[Site "Hamburg"]
[Date "2024.05.24"]
[Round "5.11"]
[White "Botzet, Michael"]
[Black "Echt, Pascal"]
[Result "1/2-1/2"]
[WhiteElo "1669"]
[BlackElo "1688"]
[PlyCount "57"]
[EventDate "2024.??.??"]
[WhiteTeam "Hamburger SK von 1830 eV"]
[BlackTeam "Hamburger SK von 1830 eV"]

1. e4 d6 2. d4 Nf6 3. Nc3 g6 4. Bc4 Bg7 5. Nf3 Bg4 6. h3 Bxf3 7. Qxf3 Nc6 8.
Be3 e5 9. O-O-O exd4 10. Bxd4 Nxd4 11. Rxd4 O-O 12. e5 Nd7 13. Qxb7 Bxe5 14.
Rdd1 Qg5+ 15. Rd2 Nc5 16. Qxc7 Bxc3 17. bxc3 Ne4 18. Rhd1 Nxd2 19. Rxd2 Rac8
20. Bxf7+ Kh8 21. Qxa7 Qf6 22. Bb3 Rc5 23. Qb6 Re8 24. Rd1 Qxc3 25. Qxd6 Qa1+
26. Kd2 Qc3+ 27. Kc1 Qa1+ 28. Kd2 Qc3+ 29. Kc1 1/2-1/2